Statistics for US Cities by Letter - N

Click here to take the quiz!

General Stats

  • This quiz has been taken 97 times
  • The average score is 4 of 5

Answer Stats

PopulationStateAnswer% Correct
18,351,295NYNew York
100%
969,587TNNashville
97%
899,703LANew Orleans
87%
562,839CTNew Haven
77%
226,400NHNashua
49%

Score Distribution

Percentile by Number Answered

Percent of People with Each Score

Your Score History

You have not taken this quiz